|
|
|
|
| LEADER |
00000nab a2200000 a 4500 |
| 001 |
vtls000252840 |
| 003 |
SK-MaSNL |
| 005 |
20260304074436.0 |
| 008 |
250422c1986 xo 0 slo |
| 015 |
|
|
|a SNBRB19rr/mm-uuuuu
|
| 035 |
|
|
|a CL0262954
|
| 035 |
|
|
|a urn:nbn:sk:snk-abbfx9
|
| 035 |
|
|
|a (urnnbn)urn:nbn:sk:snk:ar-004ifj
|
| 035 |
|
|
|a (uuid)c2acf210-f3b1-4153-a721-db577c950142
|
| 040 |
|
|
|a SNKBUCL
|b slo
|c SNKBUCL
|e AACR2
|
| 041 |
0 |
|
|a slo
|
| 044 |
|
|
|a xo
|c SK
|
| 080 |
|
|
|a 886.1-1
|2 1981
|
| 100 |
1 |
|
|a Tahmiščic, Husein
|4 aut
|9 1106253
|
| 245 |
1 |
0 |
|a Posolstvo účelnosti slova
|c Husein Tahmiščic ; Miloš Herko
|
| 650 |
0 |
7 |
|a básne reflexívne
|2 snkbucl
|9 898242
|
| 655 |
|
7 |
|a články z novín a časopisov
|2 snkbucl
|9 267496
|
| 700 |
1 |
|
|a Herko, Miloš,
|d 1958-
|4 trl
|9 109795
|
| 773 |
0 |
|
|t Revue svetovej literatúry
|g Roč. 22, č. 4 (1986), s. 8-9
|
| 850 |
|
|
|a Slovenská národná knižnica
|
| 852 |
|
|
|a Slovenská národná knižnica
|
| 958 |
|
|
|a article15
|
| 958 |
|
|
|a OND
|
| 958 |
|
|
|a RK
|
| 958 |
|
|
|a LX
|
| 958 |
|
|
|a EUIPO
|
| 999 |
|
|
|c 2776208
|d 2778138
|